000 00305nam a2200109Ia 4500
001 1272263
005 20260417151425.0
008 260417s9999 xx 000 0 und d
020 _a9786256495128
245 0 _aSütçü İmam ve Kartopundan Devasa Bir Çığ
_cBüşra Şen Altun
260 _bKetebe Çocuk
999 _c1272263
_d1272263